000 01196nam a2200277 a 4500
003 OSt
005 20230725090053.0
007 cr ||||||a|c|a
008 230719s2023 mx a|||fom||| 001 0 spa d
040 _erda
100 1 _9187632
_aSolís Hernández, Alba Denis
245 1 0 _aDiversidad avifaunística en cuatro condiciones ecológicas del Parque Nacional Molino de Flores Nezahualcóyotl /
_cpor Alba Denis Solís Hernández ; director de tesis Saúl Ugalde Lezama.
264 1 _aChapingo, México :
_bEl autor,
_c2023.
300 _a1 recurso en línea (99 páginas):
_bfiguras, tablas.
336 _2rdacontent
_atexto
_btxt
337 _2rdamedia
_acomputadora
_bc
338 _2rdacarrier
_arecurso en línea
_bcr
502 _bIRNR
_cSuelos
_d2023.
504 _aIncluye referencias bibliográficas: páginas 78-84.
650 4 _98612
_aAves
_xIdentificación
650 4 _98611
_aAves
_xHábitos y conducta
650 4 _96878
_aAreas protegidas
_zMéxico (Edo.)
700 1 _9187324
_aUgalde Lezama, Saúl
_eDirector de tesis.
856 _uhttp://10.13.5.2/tesis/tl/1312502-3_Solis-Hernandez_Alba_Denis.pdf
_zDESCARGAR PDF
942 _2Clasificación Universidad Autónoma Chapingo
_cTD
999 _c219058
_d219058